Culture Générale - Série 1092 - Statistiques

Statistiques générales
  • Ce quiz a été pris 98 fois
  • Le résultat moyen est 7 sur 10
Statistiques - réponses
Question Réponse % Correct
Où le général de Gaulle prononce-t-il son fameux : "Je vous ai compris" ? Alger
85%
Dans quelle ville française se trouve la Cité de l'espace ? Toulouse
75%
Dans quel art s'est illustré Rudolf Noureïev ? danse
74%
Quelle ville a été victime d'un attentat lors du marathon du 15 avril 2013 ? Boston
70%
De quel groupe Jim Morrison était-il le chanteur ? The Doors
69%
Dans quel département français est située la ville de Gap ? Hautes Alpes
68%
Quel chanteur a longtemps formé un duo avec Art Garfunkel ? Paul Simon
63%
Quel plan français permet d'organiser les secours en cas de catastrophe ? Plan Orsec
61%
De quel ancien ministre Martine Aubry est-elle la fille ? Jacques Delors
55%
Quel est le pus grand félin des continents américains ? jaguar
43%
Aucun quiz correspondant
Distribution des résultats
% des personnes avec chaque résultat
Percentile par nombre de réponses
Votre historique - résultats
Vous n’avez pas pris ce quiz